[Event "IND-ch U13"]
[Site "Gujarath"]
[Date "2016.07.22"]
[Round "1"]
[White "Dhruv, G Kulkarni"]
[Black "Shah, Rishab"]
[Result "0-1"]
[WhiteElo "1310"]
[BlackElo "1949"]
[PlyCount "78"]
[EventDate "2016.07.22"]
[EventType "swiss"]
[EventRounds "11"]
[EventCountry "IND"]
[SourceTitle "EXT 2017"]
[Source "ChessBase"]
[SourceDate "2016.10.25"]
[SourceVersion "1"]
[SourceVersionDate "2016.10.25"]
[SourceQuality "1"]

1. d4 Nf6 2. c4 g6 3. Nc3 Bg7 4. Nf3 0-0 5. Bf4 d6 6. e3 Nfd7 7. h3 Kh8 8. Bd3 e5 9. Bh2 f5 10. Bc2 c6 11. dxe5 dxe5 12. Qd6 Qf6 13. Qxf6 Bxf6 14. Rd1 Na6 15. 0-0 Re8 16. Bg3 Kg7 17. Rd2 Nf8 18. a3 g5 19. Re1 Ng6 20. Ne2 Be6 21. Rd6 Rad8 22. Rxd8 Rxd8 23. Bh2 g4 24. hxg4 fxg4 25. Nxe5 Nxe5 26. b3 Ng6 27. Ng3 Rd2 28. Re2 Rxe2 29. Nxe2 Be5 30. Bxe5+ Nxe5 31. Nd4 Bd7 32. Kf1 b5 33. Ke2 Kf6 34. f4 gxf3+ 35. gxf3 Nc7 36. Kf2 c5 37. Ne2 Be6 38. Ng1 Nc6 39. Kg3 h5 0-1